[Event "4NCL/Div1/SLOS1 vs. GUI2"]
[Site "Sunningdale ENG"]
[Date "2006.09.17"]
[Round "2.3"]
[White "Tweedie, Steven"]
[Black "Buckley, Graeme"]
[Result "0-1"]
[WhiteElo "2241"]
[BlackElo "2379"]
[PlyCount "84"]
[EventDate "2006.09.17"]
[EventType "team"]
[EventRounds "11"]
[EventCountry "ENG"]
[WhiteTeam "Slough Sharks 1"]
[BlackTeam "Guildford-ADC 2"]

1. e4 c5 2. Nc3 Nc6 3. g3 g6 4. Bg2 Bg7 5. d3 Rb8 6. Be3 b5 7. Qd2 d6 8. Nge2
Nd4 9. O-O h5 10. Nd1 h4 11. Nc1 Nf6 12. c3 Nc6 13. f3 hxg3 14. hxg3 e5 15. Ne2
Be6 16. d4 exd4 17. cxd4 Bc4 18. dxc5 dxc5 19. Qxd8+ Rxd8 20. Re1 Nb4 21. b3
Be6 22. Ndc3 Nc2 23. Bxc5 Nd7 24. Bd6 Rc8 25. e5 Nxe5 26. Rac1 Nxe1 27. Rxe1
Nd3 28. Rd1 Bxc3 29. Rxd3 Bf6 30. f4 Be7 31. Be5 O-O 32. Nd4 Rfd8 33. Kh2 Bg4
34. f5 Bxf5 35. Re3 Bg4 36. Nc6 Bg5 37. Re4 f5 38. Rb4 Rd2 39. Bf4 Bxf4 40.
Ne7+ Kf7 41. Nxc8 Bc7 42. Kg1 Bxg3 0-1

[Event "4NCL/Div1/SLOS1 vs. GUI2"]
[Site "Sunningdale ENG"]
[Date "2006.09.17"]
[Round "2.5"]
[White "Kahar, Krunal"]
[Black "Lalic, Susan"]
[Result "0-1"]
[WhiteElo "2220"]
[BlackElo "2350"]
[PlyCount "52"]
[EventDate "2006.09.17"]
[EventType "team"]
[EventRounds "11"]
[EventCountry "ENG"]
[WhiteTeam "Slough Sharks 1"]
[BlackTeam "Guildford-ADC 2"]

1. Nf3 d5 2. b3 Bg4 3. Bb2 Nd7 4. d4 Bxf3 5. gxf3 Ngf6 6. e3 e6 7. Be2 Bd6 8.
c4 c6 9. Nc3 O-O 10. f4 a6 11. c5 Bc7 12. b4 Re8 13. Qc2 Qe7 14. h4 h5 15. Kd2
b6 16. Rag1 a5 17. a3 axb4 18. axb4 bxc5 19. bxc5 g6 20. Bd3 Kf8 21. Ke2 Reb8
22. f3 Ng8 23. Rh2 Nh6 24. Bxg6 fxg6 25. Qxg6 Qf6 26. Qxh5 Rxb2+ 0-1

[Event "4NCL/Div1/SLOS1 vs. GUI2"]
[Site "Sunningdale ENG"]
[Date "2006.09.17"]
[Round "2.6"]
[White "Sharpe, Ian"]
[Black "Armstrong, Malcolm"]
[Result "1-0"]
[WhiteElo "2255"]
[BlackElo "2111"]
[PlyCount "63"]
[EventDate "2006.09.17"]
[EventType "team"]
[EventRounds "11"]
[EventCountry "ENG"]
[WhiteTeam "Guildford-ADC 2"]
[BlackTeam "Slough Sharks 1"]

1. c4 Nf6 2. Nc3 c5 3. Nf3 g6 4. d4 cxd4 5. Nxd4 Bg7 6. e4 d6 7. Be2 O-O 8. O-O
Nc6 9. Nc2 Be6 10. Ne3 Rc8 11. Ned5 Ne5 12. Qb3 b6 13. Bg5 Ned7 14. f3 Bxd5 15.
cxd5 Nc5 16. Qd1 Nfd7 17. Qd2 f5 18. exf5 Rxf5 19. Rac1 Ne5 20. Be3 Rf8 21. f4
Nf7 22. Bg4 Rc7 23. b4 Nd7 24. Nb5 Rxc1 25. Rxc1 a6 26. Nd4 Nh6 27. Ne6 Qe8 28.
Nxg7 Kxg7 29. Bd4+ Nf6 30. Be6 Nf5 31. g4 Nxd4 32. Qxd4 1-0

[Event "4NCL/Div1/SLOS1 vs. GUI2"]
[Site "Sunningdale ENG"]
[Date "2006.09.17"]
[Round "2.7"]
[White "Kafka, Graeme"]
[Black "Granat, Russell G"]
[Result "0-1"]
[WhiteElo "2134"]
[BlackElo "2257"]
[PlyCount "84"]
[EventDate "2006.09.17"]
[EventType "team"]
[EventRounds "11"]
[EventCountry "ENG"]
[WhiteTeam "Slough Sharks 1"]
[BlackTeam "Guildford-ADC 2"]

1. e4 Nc6 2. Nf3 e5 3. Bb5 a6 4. Bxc6 dxc6 5. O-O Bg4 6. h3 h5 7. d3 Bxf3 8.
Qxf3 Qf6 9. Nd2 Bc5 10. Nc4 Qxf3 11. gxf3 f6 12. f4 exf4 13. Bxf4 O-O-O 14. Be3
Bxe3 15. Nxe3 Ne7 16. f4 f5 17. Nxf5 Nxf5 18. exf5 Rdf8 19. Rf2 Rxf5 20. Rg2
Rg8 21. Re1 Rxf4 22. Re5 h4 23. Reg5 Rf3 24. Rxg7 Rxg7 25. Rxg7 Rxh3 26. Rg4
Rf3 27. Rxh4 Rf5 28. Rh2 Rb5 29. b3 Ra5 30. a4 b5 31. axb5 cxb5 32. Kf2 Kb7 33.
Ke3 Ra1 34. Kd2 b4 35. Ke3 Kb6 36. Kd4 Rg1 37. Re2 Rg4+ 38. Re4 Rg2 39. c3 c5+
40. Kc4 Rc2 41. Re6+ Ka5 42. Kxc5 Rxc3+ 0-1

[Event "4NCL/Div1/SLOS1 vs. GUI2"]
[Site "Sunningdale ENG"]
[Date "2006.09.17"]
[Round "2.8"]
[White "Abayasekera, Roger"]
[Black "Martin, Katie"]
[Result "1-0"]
[WhiteElo "2208"]
[BlackElo "1939"]
[PlyCount "71"]
[EventDate "2006.09.17"]
[EventType "team"]
[EventRounds "11"]
[EventCountry "ENG"]
[WhiteTeam "Guildford-ADC 2"]
[BlackTeam "Slough Sharks 1"]

1. d4 Nf6 2. c4 c5 3. d5 b5 4. Nf3 d6 5. cxb5 a6 6. b6 Qxb6 7. Nc3 g6 8. e4 Bg7
9. Nd2 O-O 10. Be2 Nbd7 11. O-O Rb8 12. Nc4 Qc7 13. Bf4 Ne8 14. Qd2 Nb6 15. Na5
Bd7 16. a4 Nf6 17. Ra2 Be8 18. Rc1 Nc8 19. Nc4 Nb6 20. Ne3 Nfd7 21. a5 Nc8 22.
Bxa6 Ne5 23. Nc4 Nxc4 24. Bxc4 Na7 25. Qe2 Bd7 26. h3 Rb4 27. b3 Rfb8 28. Bd2
Bb5 29. Nxb5 R4xb5 30. Bxb5 Nxb5 31. b4 Nd4 32. Qc4 Qa7 33. Rb1 cxb4 34. Rxb4
Rxb4 35. Bxb4 Qb7 36. a6 1-0

[Event "4NCL/Div1/NWE1 vs. 3CS1"]
[Site "Sunningdale ENG"]
[Date "2006.09.17"]
[Round "2.1"]
[White "Dgebuadze, Alexandre"]
[Black "Davies, Nigel R"]
[Result "1/2-1/2"]
[WhiteElo "2527"]
[BlackElo "2512"]
[PlyCount "50"]
[EventDate "2006.09.17"]
[EventType "team"]
[EventRounds "11"]
[EventCountry "ENG"]
[WhiteTeam "N W Eagles 1"]
[BlackTeam "3Cs Oldham 1"]

1. e4 e5 2. Nf3 Nc6 3. Bb5 Nf6 4. Qe2 d6 5. c3 Bd7 6. O-O Be7 7. d4 O-O 8. Rd1
exd4 9. cxd4 d5 10. e5 Ne4 11. Nc3 Nxc3 12. bxc3 Qc8 13. Bd3 Bf5 14. Bxf5 Qxf5
15. Qb5 Qe6 16. Bg5 a6 17. Qb1 Bxg5 18. Nxg5 Qg6 19. f4 b6 20. Rd3 f6 21. Ne6
Rf7 22. exf6 Qxf6 23. Ng5 Re7 24. Rg3 g6 25. f5 Qxf5 1/2-1/2

[Event "4NCL/Div1/NWE1 vs. 3CS1"]
[Site "Sunningdale ENG"]
[Date "2006.09.17"]
[Round "2.2"]
[White "Gordon, Stephen J"]
[Black "Morrison, Graham"]
[Result "1-0"]
[WhiteElo "2443"]
[BlackElo "2336"]
[PlyCount "67"]
[EventDate "2006.09.17"]
[EventType "team"]
[EventRounds "11"]
[EventCountry "ENG"]
[WhiteTeam "3Cs Oldham 1"]
[BlackTeam "N W Eagles 1"]

1. d4 Nf6 2. c4 e6 3. Nf3 b6 4. Nc3 Bb7 5. a3 d5 6. cxd5 Nxd5 7. Bd2 Be7 8. Qc2
Nd7 9. e4 Nxc3 10. Bxc3 O-O 11. O-O-O Qc8 12. h4 c5 13. d5 exd5 14. exd5 Ba6
15. Ng5 f5 16. Bxa6 Qxa6 17. Ne6 Rf7 18. Nc7 Qb7 19. Nxa8 Qxa8 20. d6 Bf8 21.
f3 Qc6 22. Qd3 c4 23. Qd5 Qxd5 24. Rxd5 Nc5 25. Rhd1 Rd7 26. Kc2 g6 27. R1d4
Kf7 28. Rxc4 Rxd6 29. Rxd6 Bxd6 30. Bb4 Ke6 31. Bxc5 Bxc5 32. b4 Bd6 33. Rc8 a5
34. Kb3 1-0

[Event "4NCL/Div1/NWE1 vs. 3CS1"]
[Site "Sunningdale ENG"]
[Date "2006.09.17"]
[Round "2.3"]
[White "Macak, Stefan"]
[Black "Ashton, Adam G"]
[Result "1-0"]
[WhiteElo "2341"]
[BlackElo "2329"]
[PlyCount "79"]
[EventDate "2006.09.17"]
[EventType "team"]
[EventRounds "11"]
[EventCountry "ENG"]
[WhiteTeam "N W Eagles 1"]
[BlackTeam "3Cs Oldham 1"]

1. e4 e5 2. Nf3 Nc6 3. d4 exd4 4. Nxd4 Nf6 5. Nxc6 bxc6 6. e5 Qe7 7. Qe2 Nd5 8.
c4 Nb6 9. Nc3 a5 10. Qe4 g6 11. Bd3 Bg7 12. O-O O-O 13. Re1 Ba6 14. b3 Rae8 15.
Bf4 f6 16. c5 Bxd3 17. Qxd3 Qxc5 18. e6 dxe6 19. Bxc7 Nd5 20. Nxd5 cxd5 21.
Rac1 Qa7 22. Qb5 a4 23. Bd6 axb3 24. Rc7 Qxc7 25. Bxc7 bxa2 26. Qe2 Ra8 27. Ra1
Rf7 28. Bb6 Rb7 29. Qxe6+ Kh8 30. Rxa2 Rab8 31. Ra6 d4 32. h4 d3 33. Qd6 Bf8
34. Qxf6+ Bg7 35. Qd6 Re8 36. Qxd3 Rbe7 37. Be3 Rb8 38. g3 Rbe8 39. Rd6 Kg8 40.
Qd5+ 1-0

[Event "4NCL/Div1/NWE1 vs. 3CS1"]
[Site "Sunningdale ENG"]
[Date "2006.09.17"]
[Round "2.4"]
[White "Bentley, John L"]
[Black "Hague, Ben"]
[Result "1/2-1/2"]
[WhiteElo "2245"]
[BlackElo "2287"]
[PlyCount "45"]
[EventDate "2006.09.17"]
[EventType "team"]
[EventRounds "11"]
[EventCountry "ENG"]
[WhiteTeam "3Cs Oldham 1"]
[BlackTeam "N W Eagles 1"]

1. d4 g6 2. c4 Bg7 3. Nc3 d6 4. e4 Nf6 5. f3 O-O 6. Be3 c5 7. d5 e6 8. Nge2
exd5 9. cxd5 a6 10. a4 Nbd7 11. Ng3 h5 12. Be2 h4 13. Nf1 Ne5 14. h3 Nh7 15. f4
Nd7 16. Qd2 Re8 17. Nh2 Bxc3 18. bxc3 Ndf6 19. Bf3 Nxe4 20. Bxe4 Rxe4 21. O-O
Qe8 22. Bf2 Bf5 23. Rfe1 1/2-1/2

[Event "4NCL/Div1/NWE1 vs. 3CS1"]
[Site "Sunningdale ENG"]
[Date "2006.09.17"]
[Round "2.5"]
[White "Kennaugh, Charles W"]
[Black "Walton, Alan J"]
[Result "1/2-1/2"]
[WhiteElo "2279"]
[BlackElo "2222"]
[PlyCount "134"]
[EventDate "2006.09.17"]
[EventType "team"]
[EventRounds "11"]
[EventCountry "ENG"]
[WhiteTeam "N W Eagles 1"]
[BlackTeam "3Cs Oldham 1"]

1. e4 e6 2. Qe2 Be7 3. b3 d5 4. Bb2 Nf6 5. exd5 Qxd5 6. Nc3 Qh5 7. Nf3 O-O 8.
O-O-O b6 9. Rg1 Bb7 10. g4 Qa5 11. g5 Nfd7 12. Kb1 a6 13. Bh3 Ra7 14. Nd4 Qe5
15. Qg4 c5 16. Ndb5 Ra8 17. f4 Qf5 18. Qxf5 exf5 19. Nc7 Ra7 20. Rde1 Bd8 21.
N7d5 g6 22. Ne7+ Bxe7 23. Rxe7 Rd8 24. Bg2 Bxg2 25. Rxg2 Nc6 26. Re3 Nf8 27.
Na4 Rb7 28. Bf6 Rc8 29. Nb2 Ne6 30. Rge2 b5 31. Nd3 Ncd4 32. Re1 Rd7 33. c3 Nc6
34. Nxc5 Rxd2 35. Nxe6 fxe6 36. Rxe6 Kf7 37. R6e2 Rd3 38. Kc2 Rf3 39. Rd2 Rc7
40. Red1 Rxf4 41. Rd7+ Rxd7 42. Rxd7+ Ke6 43. Rxh7 Rf2+ 44. Kd3 Rxa2 45. Rh6
Kf7 46. Rh8 Na5 47. c4 Nxb3 48. cxb5 axb5 49. Rb8 Nc5+ 50. Kd4 Nd7 51. Rxb5
Rxh2 52. Bd8 Re2 53. Ra5 Re8 54. Bc7 Nf8 55. Bd6 Ne6+ 56. Kd5 Nxg5 57. Ra7+ Kf6
58. Ra6 Ne4 59. Bf4+ Kf7 60. Ra7+ Re7 61. Rxe7+ Kxe7 62. Ke5 Kd7 63. Be3 Kc6
64. Bd4 Kb5 65. Kd5 Nd2 66. Be3 Nf3 67. Bh6 Kb4 1/2-1/2

[Event "4NCL/Div1/NWE1 vs. 3CS1"]
[Site "Sunningdale ENG"]
[Date "2006.09.17"]
[Round "2.6"]
[White "Adams, Philip J"]
[Black "van der Linden, Lukas"]
[Result "0-1"]
[WhiteElo "2145"]
[BlackElo "2278"]
[PlyCount "60"]
[EventDate "2006.09.17"]
[EventType "team"]
[EventRounds "11"]
[EventCountry "ENG"]
[WhiteTeam "3Cs Oldham 1"]
[BlackTeam "N W Eagles 1"]

1. e4 c5 2. Nf3 Nc6 3. Bb5 g6 4. O-O Bg7 5. c3 Nf6 6. e5 Nd5 7. d4 cxd4 8. cxd4
O-O 9. Nc3 Nxc3 10. bxc3 d6 11. exd6 exd6 12. Bg5 Qc7 13. Re1 Bd7 14. Qd2 Rfe8
15. Bh6 Na5 16. Bxg7 Kxg7 17. Bxd7 Qxd7 18. Rxe8 Rxe8 19. Re1 Nc4 20. Qc2 b5
21. Rxe8 Qxe8 22. Kf1 Qc6 23. Qe2 Nb6 24. Qe7 Nd5 25. Qxa7 Nxc3 26. h4 Qc4+ 27.
Kg1 Qxa2 28. Qc7 Ne4 29. Qc6 Qxf2+ 30. Kh2 Nd2 0-1

[Event "4NCL/Div1/NWE1 vs. 3CS1"]
[Site "Sunningdale ENG"]
[Date "2006.09.17"]
[Round "2.7"]
[White "Lyell, Mark"]
[Black "Platts, Philip"]
[Result "1-0"]
[WhiteElo "2228"]
[BlackElo "1920"]
[PlyCount "49"]
[EventDate "2006.09.17"]
[EventType "team"]
[EventRounds "11"]
[EventCountry "ENG"]
[WhiteTeam "N W Eagles 1"]
[BlackTeam "3Cs Oldham 1"]

1. e4 c6 2. d4 d5 3. exd5 cxd5 4. c4 Nf6 5. Nc3 e6 6. Nf3 Be7 7. cxd5 Nxd5 8.
Bd3 Nc6 9. O-O Nxc3 10. bxc3 O-O 11. Re1 Bf6 12. Qc2 g6 13. Bh6 Re8 14. Rad1
Bd7 15. Qd2 Qa5 16. Qf4 Bh8 17. Ng5 f6 18. Ne4 Qh5 19. Nc5 g5 20. Qc7 Re7 21.
Nxd7 Rd8 22. Bc4 Qxh6 23. Rxe6 Rexd7 24. Re8+ Kg7 25. Qxd7+ 1-0

[Event "4NCL/Div1/BAR1 vs. WGR"]
[Site "Coventry ENG"]
[Date "2006.11.11"]
[Round "3.1"]
[White "Parker, Jonathan"]
[Black "Baburin, Alexander"]
[Result "1/2-1/2"]
[WhiteElo "2518"]
[BlackElo "2541"]
[PlyCount "104"]
[EventDate "2006.11.11"]
[EventType "team"]
[EventRounds "11"]
[EventCountry "ENG"]
[WhiteTeam "Barbican 4NCL 1"]
[BlackTeam "Wood Green"]

1. d4 d5 2. c4 dxc4 3. Nf3 a6 4. e3 e6 5. Bxc4 c5 6. d5 Nf6 7. dxe6 Qxd1+ 8.
Kxd1 Bxe6 9. Bxe6 fxe6 10. Ke2 Bd6 11. Nbd2 Nc6 12. b3 Ke7 13. Bb2 Rhd8 14.
Rhc1 Rac8 15. a4 b6 16. Nc4 Bc7 17. a5 bxa5 18. Be5 Ne4 19. Bxc7 Rxc7 20. Ncd2
Nxd2 21. Nxd2 Rd5 22. Ne4 Re5 23. f3 Rb7 24. Rxc5 Rxc5 25. Nxc5 Rb5 26. Rc1 Nb4
27. g3 h6 28. h4 Nd5 29. e4 Nb4 30. Na4 Kd6 31. Nc3 Rb8 32. Rd1+ Ke7 33. Rb1
Nc6 34. Ke3 Rb4 35. Na2 Rb6 36. Nc3 Rb4 37. Na2 Rb6 38. Nc3 Ne5 39. f4 Nd7 40.
Na4 Rb4 41. e5 g5 42. hxg5 hxg5 43. Kf3 gxf4 44. gxf4 Kf7 45. Rd1 Rxb3+ 46. Kg4
Nf8 47. Nc5 Rb4 48. Rd6 Rc4 49. Nb7 a4 50. Rxa6 Ke7 51. Nd6 Rb4 52. Kg5 Nd7
1/2-1/2

[Event "4NCL/Div1/BAR1 vs. WGR"]
[Site "Coventry ENG"]
[Date "2006.11.11"]
[Round "3.2"]
[White "Turner, Matthew J"]
[Black "Collinson, Adam"]
[Result "1/2-1/2"]
[WhiteElo "2489"]
[BlackElo "2381"]
[PlyCount "43"]
[EventDate "2006.11.11"]
[EventType "team"]
[EventRounds "11"]
[EventCountry "ENG"]
[WhiteTeam "Wood Green"]
[BlackTeam "Barbican 4NCL 1"]

1. d4 Nf6 2. Nf3 g6 3. c4 Bg7 4. Nc3 O-O 5. g3 d6 6. Bg2 c6 7. O-O Bf5 8. b3
Ne4 9. Bb2 Nxc3 10. Bxc3 Be4 11. Qd2 Nd7 12. Bh3 Bxf3 13. exf3 d5 14. cxd5 cxd5
15. Ba5 Nb6 16. Qb4 e6 17. Rfd1 Rc8 18. Bf1 Rc2 19. Bd3 Rc6 20. Bb5 Rc2 21. Bd3
Rc6 22. Bb5 1/2-1/2

[Event "4NCL/Div1/BAR1 vs. WGR"]
[Site "Coventry ENG"]
[Date "2006.11.11"]
[Round "3.3"]
[White "Cox, John J"]
[Black "Martin, Andrew D"]
[Result "1/2-1/2"]
[WhiteElo "2414"]
[BlackElo "2433"]
[PlyCount "43"]
[EventDate "2006.11.11"]
[EventType "team"]
[EventRounds "11"]
[EventCountry "ENG"]
[WhiteTeam "Barbican 4NCL 1"]
[BlackTeam "Wood Green"]

1. d4 Nf6 2. c4 g6 3. Nc3 d5 4. cxd5 Nxd5 5. e4 Nxc3 6. bxc3 Bg7 7. Bc4 O-O 8.
Ne2 b6 9. O-O Bb7 10. e5 e6 11. Be3 c5 12. Qd2 Nc6 13. Rfd1 Rc8 14. Bd3 cxd4
15. cxd4 Na5 16. Bh6 Nc4 17. Bxc4 Rxc4 18. Bxg7 Kxg7 19. Rac1 Rxc1 20. Rxc1 Qe7
21. Qf4 Rc8 22. Rxc8 1/2-1/2

[Event "4NCL/Div1/BAR1 vs. WGR"]
[Site "Coventry ENG"]
[Date "2006.11.11"]
[Round "3.4"]
[White "Tiller, Bjorn"]
[Black "Ferguson, Mark"]
[Result "1/2-1/2"]
[WhiteElo "2361"]
[BlackElo "2395"]
[PlyCount "50"]
[EventDate "2006.11.11"]
[EventType "team"]
[EventRounds "11"]
[EventCountry "ENG"]
[WhiteTeam "Wood Green"]
[BlackTeam "Barbican 4NCL 1"]

1. e4 e5 2. f4 exf4 3. Bc4 Nf6 4. Nc3 Bb4 5. e5 d5 6. Bb3 Ne4 7. Qh5 Bxc3 8.
dxc3 c6 9. Bxf4 a5 10. a4 O-O 11. Nf3 Nd7 12. Rf1 Ndc5 13. O-O-O Nxb3+ 14. cxb3
Nc5 15. Nd4 Ne6 16. Be3 Nxd4 17. Rxd4 Qb6 18. Rf6 Be6 19. Rh6 g6 20. Qh4 Qc7
21. Rxh7 Qxe5 22. Bf4 Qe2 23. Rh8+ Kg7 24. Qh6+ Kf6 25. Qg5+ Kg7 1/2-1/2

[Event "4NCL/Div1/BAR1 vs. WGR"]
[Site "Coventry ENG"]
[Date "2006.11.11"]
[Round "3.5"]
[White "Collins, Sam"]
[Black "Woodward, Timothy"]
[Result "1-0"]
[WhiteElo "2396"]
[BlackElo "2338"]
[PlyCount "51"]
[EventDate "2006.11.11"]
[EventType "team"]
[EventRounds "11"]
[EventCountry "ENG"]
[WhiteTeam "Barbican 4NCL 1"]
[BlackTeam "Wood Green"]

1. e4 c6 2. d4 d5 3. exd5 cxd5 4. c4 Nf6 5. Nc3 e6 6. Nf3 Bb4 7. Bd3 dxc4 8.
Bxc4 O-O 9. O-O b6 10. Bg5 Bb7 11. Rc1 Nbd7 12. a3 Bxc3 13. Rxc3 Qb8 14. Re1
Nd5 15. Rb3 Rc8 16. Bd3 h6 17. Bh4 Qc7 18. Bb1 Ba6 19. Bg3 Qd8 20. Nd2 Rc6 21.
Ne4 N7f6 22. Bh4 Qf8 23. Nxf6+ gxf6 24. Rg3+ Kh8 25. Qf3 Qd8 26. Be4 1-0

[Event "4NCL/Div1/BAR1 vs. WGR"]
[Site "Coventry ENG"]
[Date "2006.11.11"]
[Round "3.6"]
[White "Pokorna, Regina"]
[Black "Devereaux, Maxim"]
[Result "1-0"]
[WhiteElo "2342"]
[BlackElo "2395"]
[PlyCount "43"]
[EventDate "2006.11.11"]
[EventType "team"]
[EventRounds "11"]
[EventCountry "ENG"]
[WhiteTeam "Wood Green"]
[BlackTeam "Barbican 4NCL 1"]

1. e4 e5 2. Nf3 Nc6 3. d4 exd4 4. Nxd4 Qh4 5. Nb5 Qxe4+ 6. Be2 Bb4+ 7. Nd2 Kd8
8. O-O Qe7 9. Re1 Nf6 10. Bf1 Qf8 11. c3 Ba5 12. Nc4 a6 13. Nd4 Bb6 14. Nxb6
cxb6 15. Be3 Kc7 16. Qb3 Ng4 17. Bf4+ d6 18. Rad1 Nge5 19. Nxc6 Be6 20. Qb4
bxc6 21. Rxd6 a5 22. Qd4 1-0

[Event "4NCL/Div1/BAR1 vs. WGR"]
[Site "Coventry ENG"]
[Date "2006.11.11"]
[Round "3.7"]
[White "Knott, Simon"]
[Black "Law, Andrew P"]
[Result "1-0"]
[WhiteElo "2375"]
[BlackElo "2304"]
[PlyCount "49"]
[EventDate "2006.11.11"]
[EventType "team"]
[EventRounds "11"]
[EventCountry "ENG"]
[WhiteTeam "Barbican 4NCL 1"]
[BlackTeam "Wood Green"]

1. Nf3 d5 2. d4 Nf6 3. c4 e6 4. Nc3 c5 5. cxd5 Nxd5 6. e4 Nxc3 7. bxc3 cxd4 8.
cxd4 Bb4+ 9. Bd2 Bxd2+ 10. Qxd2 O-O 11. Bc4 Nc6 12. O-O b6 13. Rfe1 Bb7 14.
Rad1 Rc8 15. d5 Na5 16. Bd3 Qe7 17. Qf4 Rfd8 18. h3 h6 19. dxe6 fxe6 20. Ne5
Rc5 21. Qg3 Qd6 22. Be2 Qc7 23. Rxd8+ Qxd8 24. Bh5 Qd4 25. Rd1 1-0

[Event "4NCL/Div1/BAR1 vs. WGR"]
[Site "Coventry ENG"]
[Date "2006.11.11"]
[Round "3.8"]
[White "Hegarty, Sarah"]
[Black "Lauterbach, Ingrid"]
[Result "1/2-1/2"]
[WhiteElo "1948"]
[BlackElo "2119"]
[PlyCount "122"]
[EventDate "2006.11.11"]
[EventType "team"]
[EventRounds "11"]
[EventCountry "ENG"]
[WhiteTeam "Wood Green"]
[BlackTeam "Barbican 4NCL 1"]

1. e4 c5 2. Nc3 Nc6 3. g3 g6 4. Bg2 Bg7 5. d3 e6 6. Be3 d6 7. Qd2 Nge7 8. Bh6
O-O 9. h4 f6 10. Bxg7 Kxg7 11. h5 g5 12. h6+ Kh8 13. f4 Rg8 14. fxg5 Rxg5 15.
Qf4 Ng8 16. O-O-O Nd4 17. Rf1 Bd7 18. Nge2 Nxe2+ 19. Nxe2 Bc6 20. Rh4 Qe7 21.
Rfh1 Rf8 22. Bh3 d5 23. exd5 exd5 24. Qf2 Re8 25. Nf4 d4 26. Bg2 Bxg2 27. Nxg2
Qe2 28. Qxe2 Rxe2 29. Nf4 Re3 30. g4 Ne7 31. Rf1 Ng6 32. Nxg6+ Rxg6 33. Rh5 b6
34. g5 Re6 35. Rf5 Kg8 36. gxf6 Kf7 37. Rd5 Rexf6 38. b4 Rg1+ 39. Kb2 cxb4 40.
Rxd4 a5 41. Rd7+ Kg6 42. Rxa5 bxa5 43. Rg7+ Kxh6 44. Rxg1 Rf5 45. Kb3 Rg5 46.
Re1 Kg6 47. Re6+ Kf7 48. Rh6 Kg7 49. Rh2 h5 50. Kc4 Kf6 51. d4 Ke6 52. Re2+ Kd6
53. Rh2 Rf5 54. Rh3 Rg5 55. Rh2 Rg3 56. Rxh5 Rc3+ 57. Kb5 Ra3 58. Ka6 Rxa2 59.
Rxa5 Rxc2 60. Rb5 Kc6 61. Rb6+ Kd5 1/2-1/2

[Event "4NCL/Div1/AD vs. SLOS1"]
[Site "Coventry ENG"]
[Date "2006.11.11"]
[Round "3.1"]
[White "Chandler, Murray G"]
[Black "Schenk, Andreas"]
[Result "1-0"]
[WhiteElo "2540"]
[BlackElo "2512"]
[PlyCount "57"]
[EventDate "2006.11.11"]
[EventType "team"]
[EventRounds "11"]
[EventCountry "ENG"]
[WhiteTeam "The ADs"]
[BlackTeam "Slough Sharks 1"]

1. e4 c5 2. Nc3 d6 3. f4 g6 4. Nf3 Bg7 5. Bc4 Nc6 6. O-O e6 7. d3 Nge7 8. Qe1
O-O 9. a3 Nd4 10. Qf2 Nxf3+ 11. Qxf3 Bd7 12. Be3 a6 13. Ba2 b5 14. Rae1 a5 15.
f5 Nc6 16. f6 Bh8 17. Qf4 b4 18. Nd1 Ne5 19. Qh4 Bb5 20. Bh6 Re8 21. Re3 c4 22.
dxc4 Bxc4 23. Bxc4 Nxc4 24. Rh3 Qc7 25. Nf2 Rab8 26. Bg7 h5 27. Bxh8 Rb5 28.
Bg7 Nxb2 29. Qf4 1-0

[Event "4NCL/Div1/AD vs. SLOS1"]
[Site "Coventry ENG"]
[Date "2006.11.11"]
[Round "3.2"]
[White "Jones, Gawain C B"]
[Black "Snape, Ian"]
[Result "1-0"]
[WhiteElo "2430"]
[BlackElo "2217"]
[PlyCount "89"]
[EventDate "2006.11.11"]
[EventType "team"]
[EventRounds "11"]
[EventCountry "ENG"]
[WhiteTeam "Slough Sharks 1"]
[BlackTeam "The ADs"]

1. e4 c5 2. Nc3 Nc6 3. Bb5 Nd4 4. Bc4 e6 5. Nge2 a6 6. d3 Ne7 7. O-O g6 8. Bg5
Bg7 9. Nxd4 cxd4 10. Ne2 O-O 11. Qd2 b5 12. Bb3 Bb7 13. a4 f6 14. Bf4 f5 15.
Bd6 Re8 16. axb5 axb5 17. Qb4 fxe4 18. dxe4 Bxe4 19. Nxd4 Bxd4 20. Qxd4 Nf5 21.
Qxe4 Nxd6 22. Qe5 Qb6 23. Rad1 Nf7 24. Qf6 Qc7 25. Rfe1 Rad8 26. h4 Qc5 27. Rd3
Rf8 28. Rc3 Qb6 29. Rf3 Rde8 30. h5 Nh8 31. Qc3 Rxf3 32. Qxf3 gxh5 33. Qxh5 Rf8
34. Re3 Ng6 35. c3 Kg7 36. Bc2 Rf6 37. g4 h6 38. g5 hxg5 39. Bxg6 Rxg6 40. Rh3
e5 41. Qh7+ Kf8 42. Qxd7 Rh6 43. Qf5+ Rf6 44. Rh8+ Kf7 45. Qd7+ 1-0

[Event "4NCL/Div1/AD vs. SLOS1"]
[Site "Coventry ENG"]
[Date "2006.11.11"]
[Round "3.3"]
[White "Wheeler, Darren P"]
[Black "Rendle, Thomas E"]
[Result "1/2-1/2"]
[WhiteElo "2234"]
[BlackElo "2382"]
[PlyCount "95"]
[EventDate "2006.11.11"]
[EventType "team"]
[EventRounds "11"]
[EventCountry "ENG"]
[WhiteTeam "The ADs"]
[BlackTeam "Slough Sharks 1"]

1. e4 e6 2. d4 d5 3. Nc3 Bb4 4. e5 c5 5. a3 Ba5 6. b4 cxd4 7. Nb5 Bc7 8. Qxd4
Nc6 9. Nxc7+ Qxc7 10. Bb5 Bd7 11. Bxc6 Qxc6 12. c3 Ne7 13. Ne2 Nf5 14. Qd3 Qb5
15. Qxb5 Bxb5 16. Nd4 Nxd4 17. cxd4 Rc8 18. Be3 Rc2 19. Rc1 Rxc1+ 20. Bxc1 Kd7
21. Be3 f6 22. Kd2 h5 23. h4 Bc4 24. Rh3 Ke7 25. Rg3 Kf7 26. Kc3 Rc8 27. exf6
gxf6 28. Bf4 Ba6+ 29. Kb3 Bc4+ 30. Kb2 Bf1 31. Bh6 Rg8 32. Rxg8 Kxg8 33. g3 Kh7
34. Bf4 Kg6 35. Kc3 Kf5 36. Bb8 a6 37. Kd2 Ke4 38. Ba7 Bb5 39. Bb6 f5 40. Bc5
Kf3 41. Ke1 Be8 42. Kd2 Kxf2 43. Bd6 Kf3 44. Bf4 Ke4 45. Kc3 Ba4 46. Be5 Ke3
47. Bf4+ Ke2 48. Be5 1/2-1/2

[Event "4NCL/Div1/AD vs. SLOS1"]
[Site "Coventry ENG"]
[Date "2006.11.11"]
[Round "3.4"]
[White "Jessel, Stephen"]
[Black "Graham, David B"]
[Result "1-0"]
[WhiteElo "2357"]
[BlackElo "2223"]
[PlyCount "83"]
[EventDate "2006.11.11"]
[EventType "team"]
[EventRounds "11"]
[EventCountry "ENG"]
[WhiteTeam "Slough Sharks 1"]
[BlackTeam "The ADs"]

1. e4 e6 2. d4 d5 3. Nc3 Bb4 4. e5 c5 5. a3 Bxc3+ 6. bxc3 Ne7 7. Nf3 Nbc6 8. h4
Qa5 9. Bd2 c4 10. h5 h6 11. g3 Bd7 12. Bg2 O-O-O 13. O-O f6 14. Qe2 f5 15. Nh4
g5 16. hxg6 Rdg8 17. Bf3 Be8 18. Bh5 Bxg6 19. Nxg6 Nxg6 20. Kh2 Rh7 21. f3 Rhg7
22. Be1 Nh8 23. Qd2 Rg5 24. g4 Qd8 25. Rg1 fxg4 26. Bxg4 Qe7 27. Bf2 R5g6 28.
Bh3 Nf7 29. f4 Rxg1 30. Rxg1 Rxg1 31. Bxg1 Kc7 32. Qg2 Qxa3 33. Bxe6 Nfd8 34.
Bxd5 Qxc3 35. Qf2 a5 36. Qe2 Nxd4 37. Qxc4+ Qxc4 38. Bxc4 Nxc2 39. f5 Nd4 40.
Bxd4 Nc6 41. Bc3 Kd7 42. e6+ 1-0

[Event "4NCL/Div1/AD vs. SLOS1"]
[Site "Coventry ENG"]
[Date "2006.11.11"]
[Round "3.5"]
[White "Cafferty, Bernard"]
[Black "Hinks-Edwards, Thomas"]
[Result "1/2-1/2"]
[WhiteElo "2207"]
[BlackElo "2359"]
[PlyCount "31"]
[EventDate "2006.11.11"]
[EventType "team"]
[EventRounds "11"]
[EventCountry "ENG"]
[WhiteTeam "The ADs"]
[BlackTeam "Slough Sharks 1"]

1. c4 Nf6 2. Nf3 e6 3. g3 b6 4. Bg2 Bb7 5. O-O Be7 6. Nc3 O-O 7. Re1 d5 8. cxd5
exd5 9. d4 Nbd7 10. Bf4 c5 11. Rc1 a6 12. dxc5 Nxc5 13. Nd4 Qd7 14. b4 Ne6 15.
Nxe6 fxe6 16. Qb3 1/2-1/2